Statistiques concernant anagrammes des pays du monde avec la premiere et la derniere lettre

Cliquez ici pour prendre le quiz!

Statistiques générales

  • Ce quiz a été pris 194 fois
  • Le résultat moyen est 128 sur 195

Statistiques - réponses

PAYS% Correct
sriyeSyrie
99%
tiruqueTurquie
96%
miubqazmoeMozambique
95%
sehclelyesSeychelles
94%
arrodneAndorre
92%
iarkIrak
91%
sedueSuede
91%
ertyhereErythree
90%
tazinaneTanzanie
89%
paamnaPanama
88%
mecodianeMacedoine
86%
dinoqmiueDominique
85%
zawbbmieZimbabwe
85%
zibameZambie
84%
fancreFrance
83%
maconoMonaco
82%
poalasPalaos
82%
cihneChine
80%
sissueSuisse
80%
dotijbuiDjibouti
79%
gatulameaGuatemala
79%
tiwaanTaiwan
79%
lesittenchienLiechtenstein
77%
ceromosComores
76%
gieuneGuinée
76%
nurauNauru
76%
rimuanoeRoumanie
76%
tulavuTuvalu
76%
bamhaasBahamas
75%
crypheChypre
75%
gigeroeGeorgie
75%
gecreGrece
75%
jopanJapon
75%
labinLiban
75%
leribiaLiberia
75%
loberxumugLuxembourg
75%
mlaiMali
75%
ugauruyUruguay
75%
vuzeneleaVenezuela
75%
cadanaCanada
74%
dremanakDanemark
74%
eptygeEgypte
74%
birosulesieBielorussie
73%
cobmagdeCambodge
73%
cgonoCongo
73%
cbuaCuba
73%
iresalIsrael
73%
loasLaos
73%
lyibeLibye
73%
mascagadarMadagascar
73%
mtaleMalte
73%
mentenrgooMontenegro
73%
naguicaraNicaragua
73%
neirigaNigéria
73%
pagaurayParaguay
73%
risuseRussie
73%
senagelSenegal
73%
tahcdTchad
73%
temtransukinTurkmenistan
73%
biovileBolivie
72%
bevennezirhoisogeBosnie Herzegovine
72%
cilhiChili
72%
gnahaGhana
72%
idneInde
72%
iarnIran
72%
kyneaKenya
72%
mlawaiMalawi
72%
moracMaroc
72%
sunpogairSingapour
72%
tgooTogo
72%
vcaaitnVatican
72%
moglinoeMongolie
71%
napelNepal
71%
otizekusabnOuzbekistan
71%
qaatrQatar
71%
yeemnYemen
71%
agnasthifanAfghanistan
70%
fijdiFidji
70%
hurandosHonduras
70%
kovsooKosovo
70%
kewiotKoweit
70%
mivdalesMaldives
70%
mirucaeMaurice
70%
miratuinaeMauritanie
70%
nibimaeNamibie
70%
somaaSamoa
70%
adijbarezanAzerbaidjan
69%
bliezeBelize
69%
biennBenin
69%
barimineBirmanie
69%
basirunkafoBurkina Faso
69%
gobanGabon
69%
gaynuaGuyana
69%
katsakzahnKazakhstan
69%
miquexeMexique
69%
negirNiger
69%
oamnOman
69%
onudagaOuganda
69%
poreuPérou
69%
pinpelpihisPhilippines
69%
pgloonePologne
69%
rdawnaRwanda
69%
saviquoleSlovaquie
69%
tisjadkatinTadjikistan
69%
blnaedsgahBangladesh
68%
jiqaamueJamaique
68%
unarikeUkraine
68%
alognaAngola
67%
biharenBahreïn
67%
eutauqerEquateur
67%
hitaiHaïti
67%
lenitoteLettonie
67%
tognaTonga
67%
bradabeBarbade
66%
beuqigleBelgique
66%
bohatunBhoutan
66%
bawsontaBotswana
66%
enotiseEstonie
66%
entawisiEswatini
66%
isodineneIndonesie
66%
ilitaeItalie
66%
lainutieLituanie
66%
ptasakinPakistan
66%
psabyasPays Bas
66%
saudonSoudan
66%
susdunoudadSoudan Du Sud
66%
tisinueTunisie
66%
vanitemVietnam
66%
epihoiteEthiopie
65%
hignoreHongrie
65%
negroveNorvege
65%
solomanSalomon
65%
vutanauVanuatu
65%
fanldineFinlande
64%
malhsralMarshall
64%
madiloveMoldavie
64%
sibreeSerbie
64%
sarklinaSri lanka
64%
bureniBrunei
63%
miasilaeMalaisie
63%
budurniBurundi
62%
coudreseudCoree du Sud
62%
esrausrabiminatesEmirats Arabes Unis
62%
sodlavarSalvador
62%
anegrinteArgentine
61%
gibmaeGambie
61%
ganedreGrenade
61%
jinarodeJordanie
61%
kizgarishtinKirghizistan
61%
kitabiriKiribati
61%
tiladanheThailande
60%
anemireArmenie
59%
sevolineSlovenie
59%
lhosteoLesotho
58%
biserlBrésil
57%
pasenelouilapuenegivouePapouasie Nouvelle Guinée
57%
aigreleAlgerie
56%
bagilureBulgarie
56%
citoraeCroatie
56%
samurineSuriname
56%
cronedouredCoree du Nord
54%
coerumanCameroun
53%
nunadzelevoleleNouvelle Zelande
53%
adusquirufedAfrique du Sud
52%
esutnitasEtats-Unis
52%
indalseIslande
51%
spinattechorishivetenesSaint-Christophe et Niévès
51%
eganpseEspagne
50%
tuiqheceTchequie
50%
anibaleAlbanie
48%
abtidurabunagteaAntigua et Barbuda
48%
sdetvincagentiretlesennanisSaint-Vincent et Les Grenadines
48%
agmanleleAllemagne
47%
indraleIrlande
47%
silamoeSomalie
47%
mosircenieMicronesie
44%
renumayouiRoyaume Uni
44%
teretgianittoboTrinité et Tobago
44%
cimoboleColombie
43%
gesaniesbuiuGuinee Bissau
43%
casatoriaCosta Rica
41%
acirthueAutriche
40%
pagroutlPortugal
40%
simanitarnSaint Marin
38%
crevpatCapvert
35%
geotieraunilaqueeGuinee Equatoriale
35%
tritaremionolTimor Oriental
34%
atalsuireAustralie
32%
asiatoreaubideArabie Saoudite
31%
diminaconieRépublique Dominicaine
31%
crafiqneruteCentrafrique
30%
cidoveritoeCote d Ivoire
30%
sinulecatieSainte-Lucie
21%
scepoinepimottareSao Tome et Principe
21%
sanorelerieSierra Leone
15%

Distribution des résultats

Percentile par nombre de réponses

% des personnes avec chaque résultat

Votre développement - résultats

Vous n’avez pas pris ce quiz